Music Quiz

Random Music or Lyrics Quiz

Guess The Melanie Martinez Song Based On A Lyric Quiz Stats

 Plays Quiz not verified by Sporcle

Support Sporcle.
Go Orange.
Score 0/10 Timer 03:00
0 Plays Today
Question Answer Wrong Answers
'You seem to replace your brain with your heart' Cry Baby
98.1%
Mad Hatter
0.6%
Detention
0.6%
Sippy Cup
0%
'Picture, picture, smile for the picture Pose with your brother, won't you be a good sister?' Dollhouse
97.5%
Show and Tell
1.3%
Lunchbox Friends
0.6%
Mad Hatter
0%
'The normals, they make me afraid The crazies, they make me feel sane' Mad Hatter
97.5%
Class Fight
1.3%
Drama Club
0%
Play Date
0.6%
'Blood money, blood money. How did you afford this ring that I love, honey?' Sippy Cup
95%
Alphabet Boy
1.3%
Dollhouse
1.3%
Soap
1.3%
'Harsh words if you don't get a pic with me' Show and Tell
88.8%
High School Sweethearts
6.9%
Alphabet Boy
1.3%
Carousel
1.9%
'She's feeling like a spider in a cage You liar, you were her desire' Teacher's Pet
88.1%
Tag You're It
0.6%
Milk and Cookies
3.8%
High School Sweethearts
6.3%
'Throw it on TV, people have high expectations of me Wanna be my best friend, then judge me If I smoke a little weed, makes no f*cking sense to me' Lunchbox Box
87.5%
Show and Tell
6.3%
Mrs. Potato Head
3.8%
Training Wheels
1.3%
'I was too young to see the truth In my grandma's lap, I'm drowning in her perfume' Recess
87.5%
Alphabet Boy
3.1%
Tag You're It
3.8%
Teacher's Pet
3.8%
'Maybe if I knew all of them well. I wouldn't have been trapped inside this hell that holds me' Pity Party
82.5%
Class Fight
4.4%
The Principal
6.9%
Milk and Cookies
4.4%
'They're the customer, I'm chopped meat I'm chopped meat' Detention
65%
Carousel
1.9%
Cake
18.8%
Copy Cat
13.1%

You're not logged in!

Compare scores with friends on all Sporcle quizzes.
OR
Log In

From the Vault

Continents by Forest Area

by nba2439

It might be hard to see the forest through the trees, but it's impossible to see the whole continent!
Remove Ads.
Support Sporcle.
Get the best of Sporcle when you Go Orange. This ad-free experience offers more features, more stats, and more fun while also helping to support Sporcle. Thank you for becoming a member.

Show Comments

Extras

Top Quizzes Today


Score Distribution

Your Account Isn't Verified!

In order to create a playlist on Sporcle, you need to verify the email address you used during registration. Go to your Sporcle Settings to finish the process.

Report this User

Report this user for behavior that violates our Community Guidelines.

Details: